[Event "6th EUR-ch (w)"]
[Site "Chisinau MDA"]
[Date "2005.06.13"]
[Round "3"]
[White "Szczepkowska, Karina"]
[Black "Andronic, Iulia"]
[Result "1-0"]
[WhiteElo "2264"]
[BlackElo "2085"]
[EventDate "2005.06.10"]
[PlyCount "107"]

1.f4 d5 2.b3 Nf6 3.Nf3 c5 4.Bb2 e6 5.e3 Nc6 6.Bb5 Bd7 7.Bxc6 Bxc6 8.O-O 
Bd6 9.Ne5 O-O 10.d3 Nd7 11.Nxc6 bxc6 12.c4 e5 13.Nc3 Nf6 14.Qf3 d4 15.Ne2 
Qd7 16.f5 a5 17.e4 Qe7 18.Bc1 Nd7 19.Bd2 a4 20.bxa4 Rxa4 21.a3 Rfa8 22.Bc1
Rb8 23.Ng3 Bc7 24.f6 Nxf6 25.Bg5 Rba8 26.Nh5 Qf8 27.Nxf6+ gxf6 28.Bxf6 Qh6
29.Be7 Qe3+ 30.Qxe3 dxe3 31.Bxc5 Rd8 32.Bxe3 Rxd3 33.Bh6 Bb6+ 34.Kh1 Raxa3
35.g4 Be3 36.g5 Bd4 37.Rab1 Rdb3 38.Rxb3 Rxb3 39.Rf6 c5 40.Rc6 Rb8 41.Kg2 
Re8 42.Kf3 f5 43.gxf6 Kf7 44.Bg5 Kg6 45.h4 Rf8 46.Rc7 Rg8 47.Kg4 h5+ 48.
Kf3 Bg1 49.Ke2 Bd4 50.Kf1 Bc3 51.Rxc5 Kf7 52.Rc7+ Ke6 53.c5 Re8 54.f7 1-0

[Event "6th EUR-ch (w)"]
[Site "Chisinau MDA"]
[Date "2005.06.13"]
[Round "3"]
[White "Dolukhanova, Evgeniya"]
[Black "Kucherenko, Olena"]
[Result "1-0"]
[WhiteElo "2251"]
[BlackElo "2079"]
[EventDate "2005.06.10"]
[PlyCount "91"]

1.e4 c5 2.Nf3 d6 3.c3 Nf6 4.Be2 g6 5.O-O Bg7 6.Re1 O-O 7.Bf1 Nc6 8.h3 e5 
9.d3 h6 10.Nbd2 d5 11.Qa4 a6 12.exd5 Nxd5 13.Ne4 b5 14.Qa3 b4 15.Qa4 Qb6 
16.Qb3 Be6 17.c4 Nc7 18.Be3 Nd4 19.Nxd4 exd4 20.Bf4 Rad8 21.a3 a5 22.axb4 
axb4 23.Qa4 Ra8 24.Bxc7 Qxc7 25.Qxa8 Rxa8 26.Rxa8+ Kh7 27.g3 Qe5 28.Bg2 g5
29.Kf1 h5 30.Ra5 Bf8 31.Nxc5 Qc7 32.Nxe6 Qxa5 33.Nxf8+ Kg7 34.Nd7 Qf5 35.
Ne5 f6 36.g4 hxg4 37.hxg4 Qh7 38.Ra1 Kh6 39.Ra6 Qe7 40.Be4 Kg7 41.Nc6 Qd6 
42.Ra7+ Kf8 43.Ra8+ Kg7 44.Rd8 Qf4 45.Nxd4 Qxg4 46.Nf5+ 1-0

[Event "6th EUR-ch (w)"]
[Site "Chisinau MDA"]
[Date "2005.06.13"]
[Round "3"]
[White "Minina, Veronika"]
[Black "Ivanova-Skripova, Tatiana"]
[Result "1-0"]
[WhiteElo "2059"]
[BlackElo "2205"]
[EventDate "2005.06.10"]
[PlyCount "67"]

1.d4 Nf6 2.c4 e6 3.g3 Bb4+ 4.Bd2 Qe7 5.Bg2 Nc6 6.Nf3 Ne4 7.O-O O-O 8.Be3 
e5 9.d5 Nd8 10.Nh4 f5 11.Nxf5 Rxf5 12.Bxe4 Rh5 13.Qc2 d6 14.Bf3 Rh3 15.Nd2
Bxd2 16.Qxd2 Nf7 17.b4 Bd7 18.a4 e4 19.Bg2 Rh5 20.f3 Ne5 21.Rac1 exf3 22.
exf3 Bh3 23.g4 Bxg2 24.Kxg2 Nxg4 25.fxg4 Re5 26.Rce1 Re8 27.Bf2 Qd7 28.h3 
h5 29.Rxe5 dxe5 30.gxh5 Qf5 31.Qe2 Qd7 32.Qg4 Qd6 33.Bc5 Qh6 34.Qg6 1-0

[Event "6th EUR-ch (w)"]
[Site "Chisinau MDA"]
[Date "2005.06.13"]
[Round "3"]
[White "Khudaverdieva, Afag"]
[Black "Grishina, Alexandra"]
[Result "1/2-1/2"]
[WhiteElo "2187"]
[BlackElo "2065"]
[EventDate "2005.06.10"]
[PlyCount "88"]

1.d4 d5 2.c4 c6 3.Nf3 Nf6 4.Nc3 dxc4 5.a4 Bf5 6.e3 e6 7.Bxc4 Bb4 8.O-O O-O
9.Nh4 Nbd7 10.f3 Nb6 11.Be2 Bg6 12.Nxg6 hxg6 13.Qb3 Qe7 14.Na2 Ba5 15.e4 
e5 16.Be3 exd4 17.Bxd4 Rfd8 18.Rfd1 Nh5 19.Rac1 Nf4 20.Bf1 Ne6 21.Be3 Rxd1
22.Rxd1 Rd8 23.Qc2 Nc8 24.Rxd8+ Qxd8 25.Qd3 Qe7 26.Nc1 Bc7 27.Qd2 Bb6 28.
Bxb6 Nxb6 29.a5 Nc8 30.Nd3 Qd6 31.Qc3 Nd4 32.Kf2 Nb5 33.Qe5 Qd8 34.g3 Kh7 
35.b4 b6 36.axb6 axb6 37.Qb2 Nca7 38.Ne5 Qe8 39.Nc4 Qd8 40.Qd2 Qc7 41.e5 
Nc8 42.Bh3 Ne7 43.Nd6 Qd8 44.Qf4 Ng8 1/2-1/2

[Event "6th EUR-ch (w)"]
[Site "Chisinau MDA"]
[Date "2005.06.13"]
[Round "3"]
[White "Doibani, Lilia"]
[Black "Paulet, Iozefina"]
[Result "0-1"]
[WhiteElo "2185"]
[BlackElo "2051"]
[EventDate "2005.06.10"]
[PlyCount "130"]

1.e4 g6 2.d4 c6 3.h3 d5 4.Nc3 Bg7 5.e5 h5 6.Nf3 Nh6 7.Ne2 Bf5 8.Ng3 c5 9.
Bd3 e6 10.c3 Bxd3 11.Qxd3 Nc6 12.O-O cxd4 13.cxd4 Qb6 14.Be3 Na5 15.b3 Bf8
16.Nh4 Nf5 17.Ngxf5 gxf5 18.Bd2 Nc6 19.Nf3 Be7 20.a3 Kd7 21.h4 Rac8 22.b4 
Rc7 23.Rac1 Rhc8 24.Rc3 Nb8 25.Rfc1 Rxc3 26.Rxc3 Rxc3 27.Qxc3 Qc6 28.Qd3 
Qc4 29.Qe3 Nc6 30.Kh2 a6 31.g3 Qf1 32.Be1 Qc4 33.Kg2 Qc2 34.Qc3 Qxc3 35.
Bxc3 Na7 36.Ng1 Bf8 37.Ne2 Bh6 38.Kf3 Ke7 39.Nf4 Bxf4 40.Kxf4 f6 41.f3 
fxe5+ 42.Kxe5 Nb5 43.Bb2 Nd6 44.Bc1 Nc4+ 45.Kf4 Kf6 46.g4 fxg4 47.fxg4 
hxg4 48.h5 b5 49.h6 Kg6 50.Kxg4 Nd6 51.Kf4 Nf7 52.Kg4 Nxh6+ 53.Kf4 Nf7 54.
Bd2 Kf6 55.Ke3 Nd6 56.Kd3 Nc4 57.Bc1 Kf5 58.Kc3 Ke4 59.Bh6 Nxa3 60.Kb3 Nc4
61.Bg7 Kd3 62.Bf6 Nd6 63.Be7 Nf5 64.Bc5 Nxd4+ 65.Kb2 e5 0-1

[Event "6th EUR-ch (w)"]
[Site "Chisinau MDA"]
[Date "2005.06.13"]
[Round "3"]
[White "Iodo, Anna"]
[Black "Apanaviciute, Kristina"]
[Result "1-0"]
[WhiteElo "2176"]
[BlackElo "2028"]
[EventDate "2005.06.10"]
[PlyCount "72"]

1.e4 e5 2.Nf3 Nf6 3.Bc4 Nc6 4.d3 h6 5.O-O Bc5 6.c3 d6 7.b4 Bb6 8.a4 a5 9.
b5 Ne7 10.Be3 Bxe3 11.fxe3 Ng6 12.Nbd2 O-O 13.Qe1 d5 14.exd5 Nxd5 15.d4 
Nxc3 16.dxe5 Nd5 17.Nb3 Nb6 18.Be2 Qe7 19.Nxa5 Nxe5 20.Nxe5 Qxe5 21.Nc4 
Qc5 22.Nxb6 Qxb6 23.Qc3 Re8 24.Bc4 Be6 25.a5 Qd6 26.Bxe6 Rxe6 27.Rfc1 Rg6 
28.Qd4 Qe7 29.Qf4 Rd6 30.e4 g5 31.Qf5 Rf6 32.Qd5 Rb8 33.a6 bxa6 34.bxa6 
Rd6 35.a7 Rxd5 36.axb8=Q+ Rd8 1-0

[Event "6th EUR-ch (w)"]
[Site "Chisinau MDA"]
[Date "2005.06.13"]
[Round "3"]
[White "Van Weersel, Arlette"]
[Black "Talmazan, Olga"]
[Result "1-0"]
[WhiteElo "2158"]
[BlackElo "2013"]
[EventDate "2005.06.10"]
[PlyCount "61"]

1.e4 c6 2.c4 d5 3.cxd5 cxd5 4.exd5 Nf6 5.Qa4+ Nbd7 6.Nc3 g6 7.Nf3 Bg7 8.
Bc4 O-O 9.d3 a6 10.Qa3 Nb6 11.Qb3 Bf5 12.Be3 Nxc4 13.dxc4 Ng4 14.Bb6 Qc8 
15.Rd1 e5 16.O-O Re8 17.Rfe1 Bd7 18.Ne4 Qb8 19.Nc5 Bf5 20.d6 e4 21.Ng5 Be5
22.d7 Bxh2+ 23.Kf1 Bxd7 24.Rxd7 Qf4 25.Ncxe4 Ne5 26.Rd5 h6 27.Nh3 Qh4 28.
Nd6 Re6 29.Ne4 Qh5 30.f4 Nxc4 31.Qxc4 1-0

[Event "6th EUR-ch (w)"]
[Site "Chisinau MDA"]
[Date "2005.06.13"]
[Round "3"]
[White "Butuc, Maria"]
[Black "Foisor, Mihaela-Veronica"]
[Result "1/2-1/2"]
[WhiteElo "2147"]
[BlackElo "1930"]
[EventDate "2005.06.10"]
[PlyCount "115"]

1.e4 c5 2.Nf3 e6 3.c4 Nc6 4.Nc3 d6 5.d4 cxd4 6.Nxd4 Nf6 7.Be3 Be7 8.Be2 a6
9.Nc2 Ne5 10.f4 Ned7 11.O-O Qc7 12.Qd2 b6 13.b3 Bb7 14.Bf3 Nc5 15.Bxc5 
Qxc5+ 16.Kh1 Rd8 17.Ne3 O-O 18.Rad1 b5 19.b4 Qxb4 20.Rb1 Qa5 21.cxb5 d5 
22.exd5 Nxd5 23.Nexd5 Bxd5 24.Bxd5 exd5 25.Qd3 d4 26.Ne4 axb5 27.Rxb5 Qxa2
28.Rb7 Qa3 29.Qxa3 Bxa3 30.Ra1 Rfe8 31.Nd2 Bd6 32.g3 d3 33.Rd1 Bc5 34.Rc7 
Bb4 35.Rb7 Bc3 36.Rc7 Ba5 37.Ra7 Bc3 38.Rc7 Rc8 39.Rxc8 Rxc8 40.Ne4 f5 41.
Nxc3 Rxc3 42.Kg2 Kf7 43.Kf3 Kg6 44.Ke3 Kh5 45.Kf3 d2+ 46.Ke2 Rc2 47.Kf3 
Rb2 48.Kf2 Kg4 49.Kg2 Rc2 50.h3+ Kh5 51.Kf2 g5 52.fxg5 Kxg5 53.Ke2 f4 54.
gxf4+ Kxf4 55.Rxd2 Rxd2+ 56.Kxd2 Kf3 57.Ke1 Kg2 58.h4 1/2-1/2

[Event "6th EUR-ch (w)"]
[Site "Chisinau MDA"]
[Date "2005.06.13"]
[Round "3"]
[White "Vasilieva, Maria"]
[Black "Vetrila, Sanda"]
[Result "1-0"]
[WhiteElo "2124"]
[BlackElo "1911"]
[EventDate "2005.06.10"]
[PlyCount "73"]

1.d4 d5 2.Nf3 Nf6 3.c4 c6 4.e3 a6 5.Nc3 b5 6.b3 Bg4 7.cxb5 cxb5 8.Be2 e6 
9.O-O Bd6 10.h3 Bxf3 11.Bxf3 O-O 12.Bb2 Nc6 13.e4 b4 14.e5 bxc3 15.Bxc3 
Bb4 16.Bxb4 Nxb4 17.exf6 Qxf6 18.Qd2 Nc6 19.Rfd1 Rac8 20.Rac1 Nxd4 21.Be2 
e5 22.Bg4 Rc6 23.Qa5 Qd6 24.Qd2 f5 25.Rxc6 Qxc6 26.Bf3 Rc8 27.Qa5 Nxf3+ 
28.gxf3 Qc5 29.Qxa6 Kf7 30.Qb7+ Ke6 31.Qxg7 Qc7 32.Qh6+ Kd7 33.Qxh7+ Ke6 
34.Qg6+ Ke7 35.Qxf5 d4 36.Re1 Rg8+ 37.Kh1 1-0

[Event "6th EUR-ch (w)"]
[Site "Chisinau MDA"]
[Date "2005.06.13"]
[Round "3"]
[White "Kuzevanova, Evgenia"]
[Black "Iurascu, Mihaela"]
[Result "1-0"]
[WhiteElo "2124"]
[BlackElo "1906"]
[EventDate "2005.06.10"]
[PlyCount "71"]

1.e4 c6 2.d4 d5 3.exd5 cxd5 4.c4 Nf6 5.Nc3 g6 6.cxd5 Bg7 7.Bc4 O-O 8.Nge2 
Nbd7 9.d6 e6 10.O-O Nb6 11.Bb3 Qxd6 12.Bf4 Qd7 13.Rc1 Nfd5 14.Bg5 h6 15.
Bh4 Ne7 16.Ne4 Nbd5 17.N2c3 g5 18.Bg3 Nb6 19.Qh5 Nf5 20.h4 Nxg3 21.Nxg3 
gxh4 22.Qxh4 Qxd4 23.Qh5 Qe5 24.Qg4 Qd4 25.Qf3 Qf6 26.Qe4 Nd7 27.Bc2 Rd8 
28.Nh5 Qg5 29.Nxg7 Qxg7 30.Rcd1 Re8 31.Nb5 Nf6 32.Qh4 Nd5 33.Nd6 Rf8 34.
Rd3 Qf6 35.Rg3+ Kh8 36.Qe4 1-0

[Event "6th EUR-ch (w)"]
[Site "Chisinau MDA"]
[Date "2005.06.13"]
[Round "3"]
[White "Seps, Monika"]
[Black "Baciu, Diana"]
[Result "1/2-1/2"]
[WhiteElo "2116"]
[BlackElo "1870"]
[EventDate "2005.06.10"]
[PlyCount "131"]

1.e4 c5 2.Nf3 e6 3.d4 cxd4 4.Nxd4 Nf6 5.Nc3 Nc6 6.Ndb5 Bb4 7.Bf4 O-O 8.Bc7
Qe7 9.Bd6 Bxd6 10.Qxd6 Qxd6 11.Nxd6 Ne8 12.O-O-O Nxd6 13.Rxd6 f6 14.f4 Nd8
15.Bc4 Nf7 16.Rd2 a6 17.a4 d6 18.Re1 Bd7 19.e5 fxe5 20.fxe5 b5 21.Ba2 b4 
22.Ne4 d5 23.Nc5 Ra7 24.Bxd5 exd5 25.Nxd7 Rxd7 26.e6 Rd6 27.exf7+ Rxf7 28.
Re8+ Rf8 29.Rxf8+ Kxf8 30.Re2 Kf7 31.Kd2 Kf6 32.Kd3 a5 33.Kd4 Rd8 34.Kc5 
h6 35.Kb5 Ra8 36.Kc6 Rd8 37.Kc7 Ra8 38.Kd7 h5 39.Kc6 Rd8 40.Kb6 Ra8 41.Kc5
Rd8 42.Kd4 g6 43.Re3 Rd7 44.Re8 Rc7 45.Kd3 Rc5 46.g3 Rc4 47.Rb8 Ke5 48.Rb5
Rd4+ 49.Ke3 Re4+ 50.Kd2 Rd4+ 51.Kc1 Re4 52.Rxa5 Re1+ 53.Kd2 Rb1 54.b3 Rh1 
55.Ra8 Rxh2+ 56.Kd3 Rh3 57.Re8+ Kd6 58.Re3 Kc5 59.Rf3 h4 60.Ke2 hxg3 61.c3
bxc3 62.Rxc3+ Kb4 63.Rd3 g2 64.Rd4+ Kc5 65.Rg4 Rxb3 66.Rxg6 1/2-1/2

[Event "6th EUR-ch (w)"]
[Site "Chisinau MDA"]
[Date "2005.06.14"]
[Round "4"]
[White "Cmilyte, Viktorija"]
[Black "Kosintseva, Tatiana"]
[Result "0-1"]
[WhiteElo "2459"]
[BlackElo "2486"]
[EventDate "2005.06.10"]
[PlyCount "114"]

1.d4 Nf6 2.c4 e6 3.Nf3 d5 4.g3 dxc4 5.Bg2 Bb4+ 6.Bd2 a5 7.Qc2 Bxd2+ 8.
Nbxd2 b5 9.a4 c6 10.b3 cxb3 11.Nxb3 O-O 12.Ne5 b4 13.O-O Nd5 14.Nxc6 Nxc6 
15.Qxc6 Ra6 16.Qc4 Nc3 17.e3 Qb6 18.Rfe1 Bd7 19.Nc5 Ra7 20.e4 Rc7 21.Qb3 
Qd6 22.Nxd7 Rxd7 23.d5 exd5 24.exd5 Qc5 25.Re5 Rd6 26.Rae1 g6 27.h4 h5 28.
Qc2 Qd4 29.Rg5 Kg7 30.Bf3 Rh8 31.Re7 Qf6 32.Re3 Rb8 33.Kg2 Kf8 34.Rge5 Kg7
35.Rg5 Kf8 36.Rge5 Kg7 37.Rg5 Rdd8 38.Rge5 b3 39.Qxc3 b2 40.Re1 Re8 41.Qa3
b1=Q 42.Rxb1 Qxe5 43.Rb5 Rxb5 44.axb5 Qe1 45.Qd3 Qc1 46.Qd4+ Kg8 47.Kh3 
Qf1+ 48.Bg2 Qxb5 49.d6 Rc8 50.Be4 Rd8 51.Kg2 Qb4 52.Qe5 Rxd6 53.Qe8+ Kg7 
54.Qe5+ Rf6 55.g4 Qd6 56.Qxa5 Qf4 57.g5 Qxe4+ 0-1

[Event "6th EUR-ch (w)"]
[Site "Chisinau MDA"]
[Date "2005.06.14"]
[Round "4"]
[White "Javakhishvili, Lela"]
[Black "Pokorna, Regina"]
[Result "1-0"]
[WhiteElo "2430"]
[BlackElo "2374"]
[EventDate "2005.06.10"]
[PlyCount "121"]

1.d4 Nf6 2.c4 e6 3.Nf3 d5 4.Nc3 Bb4 5.cxd5 exd5 6.Bg5 Nbd7 7.e3 c5 8.Bd3 
Qa5 9.Qc2 c4 10.Bf5 O-O 11.O-O Re8 12.Nd2 g6 13.Bh3 Bf8 14.a3 Ne4 15.Ncxe4
dxe4 16.Bf4 Nf6 17.Bxc8 Raxc8 18.Be5 Rxe5 19.dxe5 Qxe5 20.Rfd1 b5 21.Nf1 
Qe6 22.Ng3 h5 23.Rd4 Bc5 24.Rd2 h4 25.Ne2 Qf5 26.h3 Bb6 27.Rad1 Ba5 28.Nc3
Qe5 29.Rd4 Re8 30.Nd5 Nd7 31.b3 Bb6 32.Nxb6 Nxb6 33.bxc4 Nxc4 34.a4 a6 35.
axb5 axb5 36.Rd8 Rxd8 37.Rxd8+ Kg7 38.Qd1 Nb2 39.Qd4 Qxd4 40.Rxd4 f5 41.
Rb4 Nd3 42.Rxb5 Kf6 43.Rb6+ Kg5 44.Kf1 Ne5 45.Ke2 Nd3 46.f3 Nc1+ 47.Kd2 
Nd3 48.Rd6 exf3 49.gxf3 Nf2 50.Ke2 Nxh3 51.f4+ Kh5 52.Kf3 g5 53.Rd1 Kg6 
54.Kg2 g4 55.Rd6+ Kg7 56.Ra6 Kf7 57.Rh6 Kg7 58.Rxh4 Kg6 59.Rh8 Kf6 60.Ra8 
Ke6 61.Rf8 1-0

[Event "6th EUR-ch (w)"]
[Site "Chisinau MDA"]
[Date "2005.06.14"]
[Round "4"]
[White "Hagarova, Zuzana"]
[Black "Matveeva, Svetlana"]
[Result "1/2-1/2"]
[WhiteElo "2386"]
[BlackElo "2423"]
[EventDate "2005.06.10"]
[PlyCount "68"]

1.e4 e6 2.d4 d5 3.e5 c5 4.c3 Qb6 5.Nf3 Nc6 6.Be2 cxd4 7.cxd4 Nh6 8.Nc3 Nf5
9.Na4 Bb4+ 10.Bd2 Qa5 11.Bc3 Bxc3+ 12.Nxc3 Qb6 13.Bb5 Bd7 14.Bxc6 Bxc6 15.
Qd2 Bb5 16.O-O-O a5 17.g4 Ne7 18.Qg5 Ng6 19.h4 h6 20.Qe3 a4 21.Kb1 a3 22.
b3 Rc8 23.Rc1 Kd7 24.h5 Ne7 25.Rhd1 Rc6 26.Nxb5 Qxb5 27.Rxc6 Nxc6 28.Ne1 
Nb4 29.Nc2 Nxc2 30.Kxc2 Rc8+ 31.Kb1 Qb4 32.Rc1 Rxc1+ 33.Kxc1 Qb5 34.Kd2 b6
1/2-1/2

[Event "6th EUR-ch (w)"]
[Site "Chisinau MDA"]
[Date "2005.06.14"]
[Round "4"]
[White "Bojkovic, Natasa"]
[Black "Kachiani-Gersinska, Ketino"]
[Result "1/2-1/2"]
[WhiteElo "2371"]
[BlackElo "2418"]
[EventDate "2005.06.10"]
[PlyCount "33"]

1.e4 c6 2.d4 d5 3.exd5 cxd5 4.c4 Nf6 5.Nc3 g6 6.cxd5 Nxd5 7.Qb3 Nb6 8.Bb5+
Bd7 9.a4 Bg7 10.Nf3 O-O 11.Bxd7 Qxd7 12.a5 Nc8 13.O-O Nc6 14.d5 Nd4 15.
Nxd4 Bxd4 16.Ra4 Bg7 17.Be3 1/2-1/2

[Event "6th EUR-ch (w)"]
[Site "Chisinau MDA"]
[Date "2005.06.14"]
[Round "4"]
[White "Khurtsidze, Nino"]
[Black "Petrenko, Svetlana"]
[Result "1/2-1/2"]
[WhiteElo "2418"]
[BlackElo "2348"]
[EventDate "2005.06.10"]
[PlyCount "102"]

1.d4 Nf6 2.c4 g6 3.Nc3 Bg7 4.e4 d6 5.Nf3 O-O 6.h3 Nc6 7.Bg5 h6 8.Be3 e5 9.
d5 Ne7 10.Be2 Nh7 11.h4 f5 12.h5 g5 13.exf5 Nxf5 14.Nd2 e4 15.Qc2 Nxe3 16.
fxe3 Nf6 17.Ndxe4 Nxe4 18.Nxe4 Bf5 19.Bd3 Qe7 20.O-O-O Rae8 21.Nd2 Bxd3 
22.Qxd3 Qxe3 23.Qxe3 Rxe3 24.Rhe1 Rfe8 25.Nf3 Re2 26.Rxe2 Rxe2 27.Rd2 Re4 
28.b3 g4 29.Ng1 Bd4 30.Rd1 Bxg1 31.Rxg1 Re2 32.a4 g3 33.Kd1 Rb2 34.Re1 
Rxg2 35.Re6 Kf7 36.Rxh6 Rb2 37.Rg6 g2 38.Ke1 a5 39.Rg4 Rxb3 40.Rxg2 Rb4 
41.Rg4 Rxa4 42.h6 Ra2 43.Rg7+ Kf6 44.Rxc7 Ke5 45.Rxb7 Kd4 46.Rc7 Rh2 47.h7
a4 48.c5 Kxd5 49.cxd6 Kxd6 50.Ra7 Kc5 51.Rxa4 Rxh7 1/2-1/2

[Event "6th EUR-ch (w)"]
[Site "Chisinau MDA"]
[Date "2005.06.14"]
[Round "4"]
[White "Kononenko, Tatiana"]
[Black "Vasilevich, Irina"]
[Result "1/2-1/2"]
[WhiteElo "2416"]
[BlackElo "2347"]
[EventDate "2005.06.10"]
[PlyCount "89"]

1.d4 Nf6 2.c4 e6 3.Nf3 d5 4.Nc3 Be7 5.Bg5 h6 6.Bh4 O-O 7.e3 b6 8.Bd3 Bb7 
9.O-O Nbd7 10.Bg3 c5 11.cxd5 Nxd5 12.Nxd5 Bxd5 13.Rc1 Nf6 14.dxc5 Bxc5 15.
Qc2 Bxf3 16.gxf3 Qd5 17.Kg2 Rad8 18.Rfd1 Qg5 19.Be2 Nd5 20.f4 Qf6 21.Qb3 
g6 22.Bf3 h5 23.h4 a5 24.a3 Rfe8 25.Rd3 Ne7 26.Qc3 Qxc3 27.Rcxc3 f5 28.Kf1
Kf7 29.Bd1 Nd5 30.Rc1 Nf6 31.Bc2 Rxd3 32.Bxd3 Rd8 33.Ke2 Nd5 34.Bc4 Be7 
35.Rd1 a4 36.f3 b5 37.Ba2 Nb6 38.Rxd8 Bxd8 39.e4 Be7 40.Bf2 Nd7 41.Bb1 Nc5
42.Kf1 Bd6 43.e5 Be7 44.Bxc5 Bxc5 45.Kg2 1/2-1/2

[Event "6th EUR-ch (w)"]
[Site "Chisinau MDA"]
[Date "2005.06.14"]
[Round "4"]
[White "Zozulia, Anna"]
[Black "Pahtz, Elisabeth"]
[Result "1/2-1/2"]
[WhiteElo "2343"]
[BlackElo "2407"]
[EventDate "2005.06.10"]
[PlyCount "63"]

1.e4 c5 2.Nf3 d6 3.d4 cxd4 4.Nxd4 Nf6 5.Nc3 a6 6.h3 e6 7.Be3 b5 8.a3 Bb7 
9.Bd3 Nbd7 10.f4 Rc8 11.O-O Be7 12.Qf3 Rxc3 13.bxc3 Nc5 14.c4 bxc4 15.Bxc4
Nfxe4 16.Qd1 Bf6 17.Qe1 O-O 18.Rb1 Ba8 19.Nb3 Bc3 20.Qd1 Nxb3 21.Rxb3 Qf6 
22.Bxa6 Bd5 23.Bd3 Bxb3 24.cxb3 Bd4 25.Bxd4 Qxd4+ 26.Kh2 d5 27.Bxe4 Qxe4 
28.Qf3 Qxf3 29.Rxf3 Re8 30.b4 Ra8 31.b5 Kf8 32.b6 1/2-1/2

[Event "6th EUR-ch (w)"]
[Site "Chisinau MDA"]
[Date "2005.06.14"]
[Round "4"]
[White "Dembo, Yelena"]
[Black "Shumiakina, Tatiana"]
[Result "1/2-1/2"]
[WhiteElo "2402"]
[BlackElo "2316"]
[EventDate "2005.06.10"]
[PlyCount "45"]

1.e4 c5 2.Nf3 Nc6 3.Bb5 g6 4.Bxc6 dxc6 5.d3 Bg7 6.h3 Nf6 7.Nc3 O-O 8.Be3 
b6 9.Qd2 e5 10.O-O Qd6 11.Rae1 Nh5 12.Bh6 f6 13.Bxg7 Kxg7 14.Ne2 Be6 15.b3
Rae8 16.Qe3 Rd8 17.Rd1 Bc8 18.Rfe1 Rfe8 19.Nh4 Kg8 20.Kh1 Ng7 21.c3 Ne6 
22.Qh6 Qf8 23.Qe3 1/2-1/2

[Event "6th EUR-ch (w)"]
[Site "Chisinau MDA"]
[Date "2005.06.14"]
[Round "4"]
[White "Grabuzova, Tatiana"]
[Black "Zayats, Elena"]
[Result "1/2-1/2"]
[WhiteElo "2327"]
[BlackElo "2398"]
[EventDate "2005.06.10"]
[PlyCount "60"]

1.f4 d5 2.b3 Nf6 3.e3 g6 4.Bb2 Bg7 5.Nf3 c5 6.g3 Nc6 7.Bg2 O-O 8.O-O d4 9.
Na3 Bf5 10.Ne5 Nxe5 11.fxe5 Ng4 12.exd4 cxd4 13.Bxb7 Nxe5 14.Rxf5 gxf5 15.
Bxa8 Qxa8 16.Qh5 d3 17.Nc4 Nxc4 18.Bxg7 Kxg7 19.bxc4 dxc2 20.Qxf5 Qd8 21.
Rc1 Qd4+ 22.Kh1 Qxc4 23.Rxc2 Qd4 24.Rc7 e6 25.Qf4 Qxf4 26.gxf4 a5 27.Ra7 
Rd8 28.Rxa5 Rxd2 29.f5 exf5 30.Rxf5 Rxa2 1/2-1/2

[Event "6th EUR-ch (w)"]
[Site "Chisinau MDA"]
[Date "2005.06.14"]
[Round "4"]
[White "Lomineishvili, Maia"]
[Black "Kostiuk, Tatiana"]
[Result "1-0"]
[WhiteElo "2396"]
[BlackElo "2313"]
[EventDate "2005.06.10"]
[PlyCount "61"]

1.d4 Nf6 2.c4 c5 3.d5 b5 4.cxb5 a6 5.e3 g6 6.Nc3 Bg7 7.Nf3 O-O 8.a4 Bb7 9.
Be2 axb5 10.Bxb5 e6 11.Bc4 Na6 12.O-O Nb4 13.e4 exd5 14.exd5 Re8 15.Bg5 h6
16.Be3 d6 17.Ne1 Ne4 18.Rc1 Qh4 19.Qb3 Rab8 20.Nf3 Qh5 21.Rfd1 Nf6 22.Ne2 
Nfxd5 23.Nf4 Qf5 24.Bd3 Qc8 25.Bb5 Re7 26.Nxd5 Nxd5 27.Rxd5 Bxd5 28.Qxd5 
Bxb2 29.Rc2 Bg7 30.Qxd6 Rxb5 31.Qxe7 1-0

[Event "6th EUR-ch (w)"]
[Site "Chisinau MDA"]
[Date "2005.06.14"]
[Round "4"]
[White "Kursova, Maria"]
[Black "Vasylevich, Tatiana"]
[Result "1/2-1/2"]
[WhiteElo "2300"]
[BlackElo "2395"]
[EventDate "2005.06.10"]
[PlyCount "44"]

1.d4 Nf6 2.Nf3 e6 3.c4 d5 4.Nc3 Be7 5.Bg5 O-O 6.e3 b6 7.Bd3 Bb7 8.O-O Nbd7
9.Qe2 a6 10.Rfd1 Ne4 11.Bf4 Bd6 12.Bg3 Bxg3 13.hxg3 Qe7 14.Rac1 Nd6 15.b3 
dxc4 16.bxc4 c5 17.d5 e5 18.e4 g6 19.g4 Rae8 20.Qd2 Kg7 21.Re1 h6 22.Rb1 
Rb8 1/2-1/2

[Event "6th EUR-ch (w)"]
[Site "Chisinau MDA"]
[Date "2005.06.14"]
[Round "4"]
[White "Klinova, Masha"]
[Black "Muzychuk, Maria"]
[Result "1/2-1/2"]
[WhiteElo "2391"]
[BlackElo "2059"]
[EventDate "2005.06.10"]
[PlyCount "100"]

1.e4 d5 2.exd5 Nf6 3.d4 Nxd5 4.Nf3 g6 5.Be2 Bg7 6.O-O O-O 7.Re1 Nc6 8.c3 
Re8 9.Na3 Bf5 10.Nc4 Qd7 11.Bg5 h6 12.Bh4 Nf4 13.Bf1 Rad8 14.Bg3 Nd5 15.
Qb3 b6 16.Nce5 Nxe5 17.Nxe5 Bxe5 18.Rxe5 c6 19.a4 Kg7 20.h3 f6 21.Ree1 g5 
22.Rad1 Bg6 23.Be2 h5 24.h4 gxh4 25.Bxh4 Kh7 26.Bf3 Rg8 27.c4 Nc7 28.Qe3 
Rg7 29.Bg3 Na6 30.d5 cxd5 31.Rxd5 Qe8 32.Rxd8 Qxd8 33.Rd1 Qc8 34.b3 Qc5 
35.Qxc5 Nxc5 36.b4 Nxa4 37.Bb8 Nb2 38.Rd7 Nxc4 39.Bxa7 Ne5 40.Rc7 Nxf3+ 
41.gxf3 b5 42.Bc5 e5 43.Rxg7+ Kxg7 44.Kh2 Bd3 45.Kg3 Kg6 46.f4 e4 47.Bd4 
Kf5 48.Be3 Be2 49.Kh4 Bd1 50.Kg3 Be2 1/2-1/2

[Event "6th EUR-ch (w)"]
[Site "Chisinau MDA"]
[Date "2005.06.14"]
[Round "4"]
[White "Tsereteli, Tamara"]
[Black "Vajda, Szidonia"]
[Result "1/2-1/2"]
[WhiteElo "2273"]
[BlackElo "2391"]
[EventDate "2005.06.10"]
[PlyCount "23"]

1.e4 e5 2.Nf3 Nc6 3.Bc4 Nf6 4.d3 Bc5 5.c3 a6 6.Bb3 O-O 7.Nbd2 Ba7 8.Nf1 d5
9.Ng3 dxe4 10.dxe4 Qxd1+ 11.Bxd1 Be6 12.Bg5 1/2-1/2

[Event "6th EUR-ch (w)"]
[Site "Chisinau MDA"]
[Date "2005.06.14"]
[Round "4"]
[White "Dzagnidze, Nana"]
[Black "Zdebskaya, Natalia"]
[Result "1-0"]
[WhiteElo "2482"]
[BlackElo "2344"]
[EventDate "2005.06.10"]
[PlyCount "89"]

1.d4 Nf6 2.c4 e6 3.Nf3 b6 4.e3 Bb7 5.Bd3 c5 6.O-O Be7 7.Nc3 cxd4 8.exd4 d5
9.Bg5 O-O 10.Re1 Nc6 11.Bxf6 Bxf6 12.cxd5 exd5 13.Rc1 g6 14.Qa4 a6 15.Ne2 
b5 16.Qd1 Qb6 17.Bb1 Rfe8 18.Qd2 b4 19.Red1 Rac8 20.h4 a5 21.Bc2 Qb5 22.
Nf4 Rcd8 23.Bb3 a4 24.Rc5 Qa6 25.Bxd5 Qb6 26.Rdc1 Rd6 27.Qd3 Red8 28.Qc4 
Ba6 29.Rxc6 Bxc4 30.Rxb6 Rxb6 31.Rxc4 b3 32.Rxa4 bxa2 33.Rxa2 Rb4 34.Ra7 
Rf8 35.b3 Bxd4 36.Nxd4 Rxd4 37.g3 Rb4 38.Kg2 Rb6 39.g4 Rf6 40.Kg3 Rb8 41.
Ng2 h6 42.Ne3 Rb4 43.Bc4 Rd6 44.Rxf7 Kh8 45.Nd5 1-0

[Event "6th EUR-ch (w)"]
[Site "Chisinau MDA"]
[Date "2005.06.14"]
[Round "4"]
[White "Houska, Jovanka"]
[Black "Gaponenko, Inna"]
[Result "1-0"]
[WhiteElo "2334"]
[BlackElo "2482"]
[EventDate "2005.06.10"]
[PlyCount "41"]

1.e4 c5 2.Nf3 g6 3.d4 Bg7 4.c3 cxd4 5.cxd4 d5 6.e5 Bg4 7.Nc3 Nc6 8.Bb5 e6 
9.h3 Bxf3 10.Qxf3 Ne7 11.Bg5 Qb6 12.Bxe7 Kxe7 13.Bxc6 bxc6 14.Qe3 Rhb8 15.
O-O Qb4 16.Rfd1 c5 17.dxc5 Rc8 18.Rxd5 Ke8 19.Rd4 Qxc5 20.f4 Kf8 21.Rd8+ 
1-0

[Event "6th EUR-ch (w)"]
[Site "Chisinau MDA"]
[Date "2005.06.14"]
[Round "4"]
[White "Voicu, Carmen"]
[Black "Socko, Monika"]
[Result "1/2-1/2"]
[WhiteElo "2310"]
[BlackElo "2464"]
[EventDate "2005.06.10"]
[PlyCount "77"]

1.e4 e6 2.d4 d5 3.Nd2 Nf6 4.e5 Nfd7 5.f4 c5 6.c3 cxd4 7.cxd4 Nc6 8.Ndf3 f5
9.a3 Nb6 10.Bd3 Be7 11.Ne2 O-O 12.h4 a5 13.b3 Bd7 14.Bd2 a4 15.b4 Na7 16.
Nc3 Qe8 17.g4 Nb5 18.gxf5 Nxc3 19.Bxc3 exf5 20.Qe2 Rc8 21.Bd2 Nc4 22.Bc1 
Rc6 23.Kf2 b5 24.h5 Rh6 25.Ng5 Qd8 26.Qf3 Bc6 27.Qg3 Be8 28.Be2 Qb6 29.Be3
Rc6 30.Bxc4 Rxc4 31.Rag1 Bxg5 32.Qxg5 Rf7 33.h6 g6 34.Rc1 Bd7 35.Rxc4 bxc4
36.Rc1 Qc7 37.Rc3 Be6 38.Kg3 Rf8 39.Kf3 1/2-1/2

[Event "6th EUR-ch (w)"]
[Site "Chisinau MDA"]
[Date "2005.06.14"]
[Round "4"]
[White "Ovod, Evgenia"]
[Black "Kosintseva, Nadezhda"]
[Result "0-1"]
[WhiteElo "2305"]
[BlackElo "2459"]
[EventDate "2005.06.10"]
[PlyCount "69"]

1.d4 Nf6 2.c4 e6 3.Nc3 Bb4 4.e3 O-O 5.Bd3 d5 6.Nf3 c5 7.O-O Nc6 8.a3 Bxc3 
9.bxc3 dxc4 10.Bxc4 Qc7 11.Bb2 e5 12.h3 b6 13.Bb5 e4 14.Nd2 Bb7 15.c4 cxd4
16.Bxc6 Qxc6 17.Bxd4 Rfe8 18.Qb3 Nd7 19.Qb5 Qe6 20.Rfc1 Rac8 21.Nb3 Nb8 
22.c5 Bc6 23.Qb4 Na6 24.Qc3 Bd5 25.Rab1 f6 26.Kf1 Rc7 27.Qb2 Bxb3 28.Qxb3 
bxc5 29.Qxe6+ Rxe6 30.Bc3 Rb6 31.Ba5 Rxb1 32.Rxb1 Rd7 33.Be1 Kf7 34.Rc1 
Ke6 35.Rc4 0-1

[Event "6th EUR-ch (w)"]
[Site "Chisinau MDA"]
[Date "2005.06.14"]
[Round "4"]
[White "Radziewicz, Iweta"]
[Black "Nebolsina, Vera"]
[Result "1-0"]
[WhiteElo "2457"]
[BlackElo "2302"]
[EventDate "2005.06.10"]
[PlyCount "85"]

1.c4 e5 2.g3 Nf6 3.Bg2 d5 4.cxd5 Nxd5 5.Nc3 Nb6 6.d3 Be7 7.Be3 O-O 8.a4 c6
9.Nf3 N8d7 10.a5 Nd5 11.Nxd5 cxd5 12.O-O d4 13.Bd2 Rb8 14.Qc2 b5 15.Rfc1 
Bd6 16.e3 dxe3 17.Bxe3 a6 18.d4 Qe7 19.Ng5 f5 20.Bd5+ Kh8 21.Ne6 Re8 22.
Ng5 Rf8 23.Ne6 Re8 24.Bg5 Nf6 25.dxe5 Bxe5 26.Re1 Qd6 27.Bxf6 gxf6 28.Nf4 
Bd7 29.Bf7 Rec8 30.Qe2 Qe7 31.Qh5 Kg7 32.Bb3 Qe8 33.Rad1 Rc7 34.Qh4 Bc8 
35.Nh5+ Kg6 36.Nf4+ Kg7 37.Nh5+ Kg6 38.Nxf6 Bxf6 39.Qxf6+ Kxf6 40.Rxe8 
Rbb7 41.Rd6+ Kg5 42.Rg8+ Kh5 43.Bd1# 1-0